000 01112pab a2200169 454500
008 180718b2006 xxu||||| |||| 00| 0 eng d
100 _aTravers, Tony
245 _aPolicing and public order
260 _c2006
300 _ap.341-56.
362 _aJun
520 _aThis paper traces the origins and charts the development and reform of the Metropolitan Police Service since its inception in 1829. It explores how the growing complexity of London's government, accentuated by the creation of the Greater London Council in 1965, reopened the debate for local government control of the metropolitan police. Not until the creation of the Greater London Authority in 2000, however, were changes in accountability of the Metropolitan Police finally put in place with the creation of the Metropolitan Police Authority as a functional body of the GLA. The paper reviews the working of this relationship over the past five years and considers the MPAs role in securing accountability. - Reproduced.
650 _aPolice - Great Britain
650 _aPolice
773 _aLocal Government Studies
909 _a70259
999 _c70259
_d70259